| 000 | 00606nam a2200217Ia 4500 | ||
|---|---|---|---|
| 008 | 180523s9999 xx 000 0 und d | ||
| 020 | _a1-59139-275-6 | ||
| 050 | _aMAIN HD 57.7 | ||
| 050 | _b.H37 2003 | ||
| 245 | 0 | _aHarvard business review on leadership on the top / | |
| 260 | _aMassachusetts : | ||
| 260 | _bHarvard Business School Press, | ||
| 260 | _c2003 | ||
| 300 | _a161 pages : | ||
| 300 | _c21 cm. | ||
| 440 | _aThe Harvard business review paperback series. | ||
| 500 | _aIncludes index. | ||
| 650 | _aExecutives. | ||
| 650 | _aLeadership. | ||
| 650 | _xChief executive officers. | ||
| 999 |
_c356894 _d356894 |
||